Architecture of Fatehpur Sikri (Record no. 12618)

MARC details
000 -LEADER
fixed length control field 00645nam a2200241 a 4500
020 ## - INTERNATIONAL STANDARD BOOK NUMBER
ISBN 8185105
082 00 - DEWEY DECIMAL CLASSIFICATION NUMBER
Classification number 722.07
Author Cutter NAT3
100 ## - MAIN ENTRY--AUTHOR NAME
Author name Nath, R
245 ## - TITLE STATEMENT
Title Architecture of Fatehpur Sikri
Sub title Forms, Techniques and Concepts
260 ## - PUBLICATION, DISTRIBUTION, ETC. (IMPRINT)
Place of publication Agra
Name of publisher Historical Research Documentation Program
Year of publication 1988
300 ## - PHYSICAL DESCRIPTION
Number of Pages 114p
500 ## - GENERAL NOTE
General note includes index and biblioraphy
505 2# - FORMATTED CONTENTS NOTE
Formatted contents note Notes
650 ## - SUBJECT ADDED ENTRY--TOPICAL TERM
Topical Term Islamic-Architecture Mughal
942 ## - ADDED ENTRY ELEMENTS (KOHA)
Koha item type Books
700 1# -
-- Nath, R
Holdings
Collection code Home library Current library Date acquired Cost, normal purchase price Full call number Accession Number Koha item type
  Henry Martyn Institute Library Henry Martyn Institute Library 06/15/2007 400.00 722.07 NAT3 016280 Books
                   Copyright © 2026 | Henry Martyn Institute | Hyderabad | TS-500052 | INDIA | Implemented by hmi.edu.in
Hit-Count:

Powered by Koha